000 01172nam0a22002891 4500
001 v19\rc\1749850
005 20260405132624.0
035 _a(NLR Aleph) 005248732
090 _a5781420
_c5781420
100 _a20061204d1902 |||y0rusy50 ca
101 1 _arus
_cfre
102 _aRU
105 _ay z |||a|
200 1 _aСмерть и жизнь. "Мученица"
_d(La martyre)
_eДрама в 5 д., в стихах
_eИз времен первых гонений на христиан в Риме
_fСоч. Ж. Ришпена (Jean Richepin)
_gПер. с фр. в стихах Н.Н. Тамарина
_zfre
210 _aСанкт-Петербург
_cжурн. "Театр и искусство"
_d1902
215 _a46 с.
_d23
309 _aБез тит. л.
510 0 _a(La martyre)
_zfre
700 1 _8rus
_7ca
_aРишпен
_bЖ.
_f1849-1926
_gЖан
_3RU\NLR\AUTH\7753429
_936361
702 1 _aТамарин
_bН. Н.
_f1866-
_4730
801 0 _aRU
_bNLR
_c20061204
_gpsbo
801 0 _aRU
_bRuMoRGB
_c20061204
_2psbo
801 1 _aRU
_bProSoft-M
_c20061204
_2rusmarc
801 2 _aRU
_bNLR
_c20070710
_2rusmarc
852 _aNLR
_j18.334.2.468
942 _cBOOK
980 _aNB